• 首页
  • 本馆介绍
  • 公告通知
  • 最新文献
  • 馆藏检索
  • 电子资源
  • 读者导购
  • 参考咨询
  • 我的图书馆
  • 登录
  • 详细信息显示
  • 放入我的书架
  • 预约/预借图书
  • 作者相关作品
  • 分类相关作品
  • 丛书相关作品
  • 出版社相关作品

书目信息

  • 表格格式
  • 工作单格式
  • 卡片格式
题名:
SQL Server 数据库技术
    
 
作者: 郭振民 , 董学枢 主编
分册:  
出版信息: 北京   中国水利水电出版社  2009.09
页数: 175页
开本: 26cm
丛书名:
单 册:
中图分类: TP311.138SQ , TP311.138
科图分类:
主题词: 关系数据库--数据库管理系统--高等教育--教材 , 关系数据库 , 数据库管理系统
电子资源:
ISBN: 978-7-5084-6827-3
000 01103nam0 22003011 450
001 004334559
005 20101214161226.0
010    @a978-7-5084-6827-3@dCNY20.00
100    @a20091130d2009 em y0chiy50 ea
101 0  @achi
102    @aCN@b110000
105    @ay z 000yy
200 1  @aSQL Server 数据库技术@9SQL Server shu ju ku ji shu@f郭振民,董学枢主编
210    @a北京@c中国水利水电出版社@d2009.09
215    @a175页@d26cm
300    @a21世纪高职高专教学做一体化规划教材
330    @a全书从应用SQLServer2000设计一个完整的数据库系统的角度出发,围绕student数据库项目,展开有关SQLServer2000知识的学习。涵盖了服务器的注册和使用、数据库的创建和使用、表的创建和使用、查询、索引、视图、存储过程、数据库安全等内容。
606 0  @a关系数据库@x数据库管理系统@x高等教育@j教材
606 0  @a关系数据库
606 0  @a数据库管理系统
610 0  @aSQL
690    @aTP311.138SQ@v5
690    @aTP311.138@v5
701  0 @a郭振民@9guo zhen min@c(计算机)@4主编
701  0 @a董学枢@9dong xue shu@4主编
801  0 @aCN@b91MARC@c20101222
905    @aBZT@dTP311.138@e47
906    @dCNY20.00@n0@r1
    
    SQL Server 数据库技术/郭振民,董学枢主编.-北京:中国水利水电出版社,2009.09
    175页;26cm
    21世纪高职高专教学做一体化规划教材
    
    ISBN 978-7-5084-6827-3:CNY20.00
    全书从应用SQLServer2000设计一个完整的数据库系统的角度出发,围绕student数据库项目,展开有关SQLServer2000知识的学习。涵盖了服务器的注册和使用、数据库的创建和使用、表的创建和使用、查询、索引、视图、存储过程、数据库安全等内容。
●
相关链接 在五车中查询图书 在当当中查询图书 在豆瓣中查询图书


正题名:SQL Server 数据库技术     索取号:TP311.138/47         预约/预借

序号 登录号 条形码 馆藏地/架位号 状态 备注
1 757607   2000757607   样本书库/样003架A面3层1列/ [索取号:TP311.138/47] 在馆    
2 757608   2000757608   中心书库中库/ 中库028架A面3列5层49/ [索取号:TP311.138/47] 在馆    
3 757609   2000757609   中心书库中库/ 中库028架A面3列5层51/ [索取号:TP311.138/47] 在馆    
4 757610   2000757610   中心书库中库/ 中库028架A面3列5层53/ [索取号:TP311.138/47] 在馆    
5 757611   2000757611   中心书库中库/ 中库028架A面3列5层50/ [索取号:TP311.138/47] 在馆    
6 757612   2000757612   中心书库中库/ 中库028架A面3列5层52/ [索取号:TP311.138/47] 在馆    
山东省滨州职业学院图书馆 欢迎您!
大连网信软件有限公司© 版权所有